NLSUI OPAC header image

Capitalism : (Record no. 40889)

MARC details
000 -LEADER
fixed length control field 00705cam a2200193 i 4500
005 - DATE AND TIME OF LATEST TRANSACTION
control field 20260417111616.0
008 - FIXED-LENGTH DATA ELEMENTS--GENERAL INFORMATION
fixed length control field 141128s2015 enka e b 001 0 eng
020 ## - INTERNATIONAL STANDARD BOOK NUMBER
International Standard Book Number 9780198726074 (pbk)
082 04 - DEWEY DECIMAL CLASSIFICATION NUMBER
Classification number 330.122 FUL
100 1# - MAIN ENTRY--PERSONAL NAME
Personal name Fulcher, James
245 10 - TITLE STATEMENT
Title Capitalism :
Remainder of title a very short introduction /
Statement of responsibility, etc. James Fulcher
250 ## - EDITION STATEMENT
Edition statement 2nd ed.
264 #1 - PRODUCTION, PUBLICATION, DISTRIBUTION, MANUFACTURE, AND COPYRIGHT NOTICE
Place of production, publication, distribution, manufacture Oxford :
Name of producer, publisher, distributor, manufacturer Oxford University Press,
Date of production, publication, distribution, manufacture, or copyright notice 2015.
300 ## - PHYSICAL DESCRIPTION
Extent 139 p. :
Dimensions 18 cm.
365 ## - TRADE PRICE
Price amount Rs. 225.00
505 0# - FORMATTED CONTENTS NOTE
Formatted contents note 1. What is capitalism? -- 2. Where did capitalism come from? -- 3. How did we get here? -- 4. Is capitalism everywhere the same? -- 5. Has capitalism gone global? -- 6. Crisis? What crisis?
650 #0 - SUBJECT ADDED ENTRY--TOPICAL TERM
Topical term or geographic name entry element Capitalism.
942 ## - ADDED ENTRY ELEMENTS (KOHA)
Source of classification or shelving scheme Dewey Decimal Classification
Koha item type BOOKs
Holdings
Withdrawn status Lost status Damaged status Not for loan Home library Current library Shelving location Date acquired Cost, normal purchase price Total Checkouts Total Renewals Full call number Barcode Date last seen Date last checked out Price effective from Koha item type
        . . General Stacks 30.05.2017 225.00 1 1 330.122 FUL 34516 04.08.2022 29.07.2022 30.05.2017 BOOKs